Mid-century modern complete / (Record no. 5782)

MARC details
000 -LEADER
fixed length control field 06112cam a22005777i 4500
001 - CONTROL NUMBER
control field 17995492
003 - CONTROL NUMBER IDENTIFIER
control field OSt
005 - DATE AND TIME OF LATEST TRANSACTION
control field 20260428165745.0
008 - FIXED-LENGTH DATA ELEMENTS--GENERAL INFORMATION
fixed length control field 140111s2014 nyua b 001 0 eng d
010 ## - LIBRARY OF CONGRESS CONTROL NUMBER
LC control number 2014930735
020 ## - INTERNATIONAL STANDARD BOOK NUMBER
International Standard Book Number 9780500517277
020 ## - INTERNATIONAL STANDARD BOOK NUMBER
International Standard Book Number 9780500517277
035 ## - SYSTEM CONTROL NUMBER
System control number 17995492
035 ## - SYSTEM CONTROL NUMBER
System control number (OCoLC)870199847
040 ## - CATALOGING SOURCE
Original cataloging agency YDXCP
Language of cataloging eng
Transcribing agency Foundation University
Modifying agency Foundation University
042 ## - AUTHENTICATION CODE
Authentication code lccopycat
050 00 - LIBRARY OF CONGRESS CALL NUMBER
Classification number NK 2115
Item number .B73 2014
100 1# - MAIN ENTRY--PERSONAL NAME
Personal name Bradbury, Dominic,
Relator term author.
9 (RLIN) 15604
245 10 - TITLE STATEMENT
Title Mid-century modern complete /
Statement of responsibility, etc. Dominic Bradbury.
264 #1 - PRODUCTION, PUBLICATION, DISTRIBUTION, MANUFACTURE, AND COPYRIGHT NOTICE
Place of production, publication, distribution, manufacture New York :
Name of producer, publisher, distributor, manufacturer Abrams,
Date of production, publication, distribution, manufacture, copy right date 2014.
Copyright Date 2014
300 ## - PHYSICAL DESCRIPTION
Extent 544 pages :
Other physical details color illustrations ;
Dimensions 32 cm
Materials specified books
Type of unit books
336 ## - CONTENT TYPE
Content type term text
Content type code txt
Source rdacontent
336 ## - CONTENT TYPE
Content type term still image
Content type code sti
Source rdacontent
337 ## - MEDIA TYPE
Media type term unmediated
Media type code n
Source rdamedia
338 ## - CARRIER TYPE
Carrier type term volume
Carrier type code nc
Source rdacarrier
Materials specified n
500 ## - GENERAL NOTE
General note "With over 1,000 illustrations."
500 ## - GENERAL NOTE
General note Originally published in the United Kingdom in 2014 by Thames and Hudson Ltd, London--Title page verso.
504 ## - BIBLIOGRAPHY, ETC. NOTE
Bibliography, etc. note Includes bibliographical references (pages 537-538) and index.
505 0# - FORMATTED CONTENTS NOTE
Formatted contents note Introduction -- I. Media and Masters -- Furniture -- 'Collecting Mid-century design' / Richard Wright -- 'Scandinavian furniture: Mid-century phenomenon' / Judith Gura -- Eero Aarnio -- Harry Bertoia -- Joe Colombo -- Robin Day -- Charles & Ray Eames -- Arne Jacobsen -- Poul Kjærholm -- Carlo Mollino -- George Nakashima -- George Nelson -- Verner Panton -- Pierre Paulin -- Warren Platner -- Gio Ponti -- Jean Prouvé -- Ernest Race -- Jens Risom -- Sergio Rodrigues -- Eero Saarinen -- Joaquim Tenreiro -- Hans Wegner -- Edward Wormley -- Lighting -- 'Lighting design in Italy' / Alberto Bassi -- Achille & Pier Giacomo Castiglioni -- Poul Henningsen -- Le Klint -- Vico Magistretti -- Serge Mouille -- Isamu Noguchi -- Jean Royère -- Gino Sarfatti -- Glass and ceramics -- 'Glass design: Post-1945 transatlantic aesthetics' / Joy McCall -- 'Mid-century ceramics' / Alun Graves -- Hans Coper -- Kaj Franck -- Gustavsberg Pottery (Wilhelm Kåg, Stig Lindberg & Berndt Friberg) -- Vicke Lindstrand -- Gertrud & Otto Natzler -- Lucie Rie -- Axel Salto -- Timo Sarpaneva -- Paolo Venini -- Russel Wright -- Textiles -- 'Utility to contemporary: Texiles in the mid-century home' / Daniel Heath -- 'Artist-designed textiles: 1945-1970' / Sue Prichard -- Florence Broadhurst -- Lucienne Day -- Josef Frank -- Alexander Girard -- David Hicks -- Jack Lenor Larsen -- Marimekko -- Product and industrial design -- 'From computers to corporate identity: Cold War-era design' / Jana Scholze -- 'Mid-century product design in Germany' / Klaus Klemp -- Corradino d'Ascanio -- Kenneth Grange -- Alec Issigonis -- Jacob Jensen -- Raymond Loewy -- David Mellor -- Marcello Nizzoli -- Dieter Rams -- Richard Sapper & Marco Zanuso -- Ettore Sottsass -- Graphics and posters -- 'Mid-century confluences: Type, design and technology' / Steven Heller -- 'The travel poster in the mid-century' / Sophie Churcher -- Saul Bass -- Max Bill & Otl Aicher -- Wim Crouwel -- Alan Fletcher -- Adrian Frutiger -- Abram Games -- Charley Harper -- Jock Kinneir & Margaret Calvert -- Herbert Matter -- Max Miedinger -- Paul Rand -- II. Houses and interiors -- 'Collecting the mid-century house' / Matt Gibberd -- 'On restoring modernism: The purist and the pragmatist' / Michael Boyd -- Alvar Aalto: Maison Louis Carré, France -- Lina Bo Bardi: Glass House, Brazil -- Antonio Bonet: La Ricarda, Spain -- Marcel Breuer: Stillman House II, USA -- Charles Deaton: Sculptured House, USA -- Craig Ellwood: Palevsky House, USA -- Andrew Geller: Frank House, USA -- Jakob Halldor Gunnløgsson House, Denmark -- Charles Gwathmey: Gwathmey House & Studio, USA -- Philip Johnson: Glass House, USA -- John Lautner: Elrod House, USA -- Paulo Mendes da Rocha: Millán House, Brazil -- Ludwig Mies van der Rohe: Farnsworth House, USA -- Richard Neutra: Kaufmann Desert House, USA -- Oscar Niemeyer: Strick House, USA -- Bruce Rickard: Marshall House, Australia -- Harry Seidler: Rose Seidler House, Australia -- Alison & Peter Smithson: Upper Lawn Pavilion, UK -- Basil Spence: Spence House, UK -- Arthur Witthoefft: Witthoefft Hosue, USA -- III. A-Z of designers and makers.
520 ## - ABSTRACT, SUMMARY, ETC.
Abstract, Summary, etc. This definitive survey of one of the most popular collectible and dynamic periods of international design offers a rich overview of all aspects of the subject. Mid-century furniture, lighting, glass, ceramics, textiles, product design, industrial design, graphics, and posters are covered, as are interior design and architecture, exemplifying post-war optimism and energy, use of innovative and affordable materials and forms of mass manufacture, and newly developed precepts of "good design."--
Assigning source Source other than Library of Congress.
648 #7 - SUBJECT ADDED ENTRY--CHRONOLOGICAL TERM
Chronological term 1900 - 1999
Source of heading or term fast
9 (RLIN) 9118
650 #0 - SUBJECT ADDED ENTRY--TOPICAL TERM
Topical term or geographic name entry element Design
General subdivision History
Chronological subdivision 20th century.
9 (RLIN) 15605
650 #0 - SUBJECT ADDED ENTRY--TOPICAL TERM
Topical term or geographic name entry element Industrial design
General subdivision History
Chronological subdivision 20th century.
9 (RLIN) 15606
650 #0 - SUBJECT ADDED ENTRY--TOPICAL TERM
Topical term or geographic name entry element Furniture design
General subdivision History
Chronological subdivision 20th century.
9 (RLIN) 15607
650 #0 - SUBJECT ADDED ENTRY--TOPICAL TERM
Topical term or geographic name entry element Architecture, Modern
Chronological subdivision 20th century.
9 (RLIN) 12936
650 #0 - SUBJECT ADDED ENTRY--TOPICAL TERM
Topical term or geographic name entry element Modern movement (Architecture)
9 (RLIN) 15624
650 #0 - SUBJECT ADDED ENTRY--TOPICAL TERM
Topical term or geographic name entry element Modernism (Aesthetics)
9 (RLIN) 15625
650 #7 - SUBJECT ADDED ENTRY--TOPICAL TERM
Topical term or geographic name entry element Architecture, Modern.
Source of heading or term fast
Authority record control number or standard number (OCoLC)fst00813842
9 (RLIN) 12937
650 #7 - SUBJECT ADDED ENTRY--TOPICAL TERM
Topical term or geographic name entry element Design.
Source of heading or term fast
Authority record control number or standard number (OCoLC)fst00891253
9 (RLIN) 4788
650 #7 - SUBJECT ADDED ENTRY--TOPICAL TERM
Topical term or geographic name entry element Furniture design.
Source of heading or term fast
Authority record control number or standard number (OCoLC)fst00936534
9 (RLIN) 15386
650 #7 - SUBJECT ADDED ENTRY--TOPICAL TERM
Topical term or geographic name entry element Industrial design.
Source of heading or term fast
Authority record control number or standard number (OCoLC)fst01730190
9 (RLIN) 15186
650 #7 - SUBJECT ADDED ENTRY--TOPICAL TERM
Topical term or geographic name entry element Modern movement (Architecture)
Source of heading or term fast
Authority record control number or standard number (OCoLC)fst01024437
9 (RLIN) 15624
650 #7 - SUBJECT ADDED ENTRY--TOPICAL TERM
Topical term or geographic name entry element Modernism (Aesthetics)
Source of heading or term fast
Authority record control number or standard number (OCoLC)fst01024439
9 (RLIN) 15625
655 #7 - INDEX TERM--GENRE/FORM
Genre/form data or focus term History.
Source of term fast
Authority record control number or standard number (OCoLC)fst01411628
9 (RLIN) 7569
856 42 - ELECTRONIC LOCATION AND ACCESS
Materials specified Contributor biographical information
Uniform Resource Identifier <a href="http://www.loc.gov/catdir/enhancements/fy1511/2014930735-b.html">http://www.loc.gov/catdir/enhancements/fy1511/2014930735-b.html</a>
856 42 - ELECTRONIC LOCATION AND ACCESS
Materials specified Publisher description
Uniform Resource Identifier <a href="http://www.loc.gov/catdir/enhancements/fy1511/2014930735-d.html">http://www.loc.gov/catdir/enhancements/fy1511/2014930735-d.html</a>
906 ## - LOCAL DATA ELEMENT F, LDF (RLIN)
a 7
b cbc
c copycat
d 2
e epcn
f 20
g y-gencatlg
942 ## - ADDED ENTRY ELEMENTS (KOHA)
Source of classification or shelving scheme Library of Congress Classification
Koha item type Books
Classification part NK 2115
Item part .2014 B73
Call number prefix (DAFA-FA)
Holdings
Withdrawn status Lost status Source of classification or shelving scheme Damaged status Not for loan Collection code Home library Current library Shelving location Date acquired Source of acquisition Total Checkouts Full call number Barcode Date last seen Price effective from Koha item type Accession Number
    Library of Congress Classification     Non-fiction Foundation University Library Foundation University Library DoArchitecture & Fine Arts 04/27/2026 Donations   (DAFA-FA) NK 2115 .2014 B73 0192026003355 04/27/2026 04/27/2026 Books DAFA-2026355